00955pam a2200301 a 45000010005000000030006000050050017000110080041000280100017000690200022000860200018001080400023001260420009001490500024001580820014001821000028001962450070002242500049002942600036003433000045003795050007004245200119004315210018005505210018005686500023005866500022006097000022006313133FISKH20240208102616.0960105s1996 nyua j 000 1 eng  a 96000052  a0064420299 (pbk.) a9780545223614 aDLCcDLCdDLCbeng alcac00aPZ7.B81422bIn 199600a[Fic]2201 aBrown, Jeff,d1926-200310aInvisible Stanley /cby Jeff Brown ; Pictures by Macky Pamintuan  aThis edition first printing, September 2009  aNew York : bScholastic, c1996 a91, 7 pages : billustrations ; c20 cm  aK  aOne morning after a thunderstorm, the Lambchop family is surprised to discover that Stanley is suddenly invisible.8 a520 bLexile 8 aK bRaz-Plus  1aBrothersxFiction. 1aHumorous stories. aPamintuan, Macky